Medzinárodný manažment

Salvato in:
Dettagli Bibliografici
Autore principale: Bobenič Hintošová, Aneta, 1979-
Ente Autore: Ekonomická univerzita v Bratislave. Podnikovohospodárska fakulta so sídlom v Košiciach
Altri autori: Pružinský, Michal, 1952-, Vološin, Martin
Natura: Libro
Lingua:slovacco
Pubblicazione: Bratislava Vydavateľstvo EKONÓM 2010
Edizione:2. preprac. a dopl.
Soggetti:
Tags: Aggiungi Tag
Nessun Tag, puoi essere il primo ad aggiungerne!!

MARC

LEADER 00000nam$a2200000$$$4500
001 0116990
005 20240502072314.8
020 |a 978-80-225-2965-5 
041 0 |a slo 
044 |a SK 
245 1 0 |a Medzinárodný manažment  |c Aneta Bobenič Hintošová 
250 |a 2. preprac. a dopl. 
264 1 |a Bratislava  |b Vydavateľstvo EKONÓM  |c 2010 
300 |a 142 s. [8,638 AH] 
610 2 0 |a manažment medzinárodný 
610 2 0 |a internacionalizácia 
610 2 0 |a podnikanie 
610 2 0 |a trh zahraničný 
610 2 0 |a vývoz 
610 2 0 |a investície priame zahraničné 
610 2 0 |a podnik medzinárodný 
610 2 0 |a stratégia podnikateľská 
610 2 0 |a stratégia marketingová 
610 2 0 |a štruktúra organizačná 
610 2 0 |a riadenie ľudských zdrojov 
610 2 0 |a kultúra podnikania 
100 1 |a Bobenič Hintošová, Aneta, 1979- 
700 1 |a Pružinský, Michal, 1952- 
700 1 |a Vološin, Martin 
710 2 |a Ekonomická univerzita v Bratislave. Podnikovohospodárska fakulta so sídlom v Košiciach